Zákon o príprave na zavedenie eura v SR

Zákon č. 659/2007 Z.z. o zavedení meny euro v Slovenskej republike. Vybrané časti zákona s výkladom - základné ustanovenia, druhá časť, štvrtá časť, siedma časť. Pozície štátnej a verejnej správy.

Na minha lista:
Detalhes bibliográficos
Autor principal: Bartl, Jaroslav
Formato: Capítulo de Livro
Idioma:eslovaco
Assuntos:
Tags: Adicionar Tag
Sem tags, seja o primeiro a adicionar uma tag!

MARC

LEADER 00000naa$a2200000$$$4500
001 0072064
005 20231013072013.3
041 0 |a slo 
044 |a SK 
245 1 0 |a Zákon o príprave na zavedenie eura v SR  |c Jaroslav Bartl 
520 |a Zákon č. 659/2007 Z.z. o zavedení meny euro v Slovenskej republike. Vybrané časti zákona s výkladom - základné ustanovenia, druhá časť, štvrtá časť, siedma časť. Pozície štátnej a verejnej správy. 
610 2 0 |a euro 
610 2 0 |a zákony 
610 2 0 |a správa štátna 
610 2 0 |a správa verejná 
610 2 0 |a Slovensko 
100 1 |a Bartl, Jaroslav